LEADER 01477nam a2200325 u 4500 001 000000021918 003 CaOOAMICUS 005 20070226111051.0 008 950425s1959 it u000 u ita u 035 $a10545754 040 $aMSA$bita$dPUL(R) 041 0 $aita$alat 100 1 $aStaffa, Dino,$ccard.,$d1906-1977.$0(OLS)http://pul/name/11569 245 13$aLe delegazioni apostoliche /$cDino Staffa. 260 $aRoma :$bDesclée & c.,$c1959. 300 $aviii, 254 p. ;$c25 cm 500 $aComprende indici 504 $aBibliografia in nota. 650 4$aDiplomazia pontificia.$0(OLS)http://pul/subject/4667 850 $aPUL 852 $aPUL$W1$xDP1 Fondo Maccarrone$y58$m1505 F 21$j30782$nBK-PRI$b $qFondi$B30782$CPULBib$Z2$F30782 $H $81 852 $aPUL$W1$xDP1 Diritto e Scienze Sociali 2$y90$mApudBibl E 22$j30783$nBK-PRI$b $qStampati altre collocazioni$B30783$CPULBib$Z2$F30783 $H21099 $81 852 $aPUL$W1$xDP1 Fondo Cecchetti$y53$m274 F 33$j30784$nBK-PRI$b $qFondi$B30784$CPULBib$Z2$F30784 $HPUL7092 $81 941 1 $a10 941 1 $a1 960 $aSanta Sede$xRelazioni diplomatiche$94667 960 $aSanta Sede$xRelazioni diplomatiche$94667 961 $aINV: 01620 -- Fondo Mons. M. Maccarrone 996 $6245$aLe delegazioni apostoliche$9(OLS)http://pul/title/30620 996 $6260$aRoma :$bDesclée & c.$9(OLS)http://pul/publisher/52877 LEADER 01345nam a2200301 u 4500 001 000000049507 003 CaOOAMICUS 005 20070226115122.0 008 000704s1982 miuab u000 u eng u 020 $a0802823629 035 $a10851534 040 $aPUL(R)$bita 100 1 $aFensham, F. Charles,$q(Frank Charles),$d1925-$0(OLS)http://pul/name/35801 245 14$aThe books of Ezra and Nehemiah /$cF. Charles Fensham. 260 $aGrand Rapids, Michigan :$bEerdmans,$c1982. 300 $axiii, 288 p. :$bill., c. geogr.; ;$c22 cm 490 1 $aThe New international commentary on the New Testament 500 $aInclude indici. 504 $aBibliografia in nota. 630 04$aBiblia.$pV.T.$pNehemia$lInglese$xCommenti.$0(OLS)http://pul/subject/20824 630 04$aBiblia.$pV.T.$pEsdrae.$lInglese$xCommenti.$0(OLS)http://pul/subject/37769 830 4$aThe New international commentary on the New Testament.$0(OLS)http://pul/title/41455 850 $aPUL 852 $aPUL$W1$xDP1 Fondo Ciprotti$y59$m1533 B 6$j133259$qFondi$B132288$CPULBib$Z2$F132288 $H256 $82 941 1 $a1 996 $6020$a0802823629$9(OLS)http://pul/number/62553 996 $6245$aThe books of Ezra and Nehemiah$9(OLS)http://pul/title/66749 996 $6260$aGrand Rapids, Michigan :$bEerdmans$9(OLS)http://pul/publisher/67282 LEADER 00946naa a2200217 u 4500 001 000000095566 003 CaOOAMICUS 005 20070226130143.0 008 040705s1986 it u000 u ita u 020 $a8806593412 035 $a11002984 040 $aIAR$bita 100 1 $aFrugoni, Chiara,$d1940-2022.$0(OLS)http://pul/name/7382 245 10$aImmagini politiche e religiose :$btrama e ordito di una stessa società /$cChiara Frugoni. 260 $aTorino :$bGiulio Einaudi,$c1986. 300 $aS. 347-357, ;$c22 cm 773 0 $aStoria d'Italia (Giulio Einaudi ed.)$gAnnali 9. 773 0 $tStoria d'Italia. Annali. 9, La Chiesa e il potere politico dal Medioevo all'età contemporanea$w()28851 996 $6020$a8806593412$9(OLS)http://pul/number/35870 996 $6245$aImmagini politiche e religiose :$btrama e ordito di una stessa società$9(OLS)http://pul/title/122443 996 $6260$aTorino :$bGiulio Einaudi$9(OLS)http://pul/publisher/54573 LEADER 01048nam a2200253 u 4500 001 000000107501 003 CaOOAMICUS 005 20071010135938.0 008 071010s1969 it u000 u ita u 040 $aPUL(R)$bita$dBc 041 1 $aita$hger 100 1 $aHäring, Bernhard,$cC.SS.R.,$d1912-1998.$0(OLS)http://pul/name/6314 240 10$aZusage an die Welt.$lItaliano.$0(OLS)http://pul/title/135379 245 13$aIl cristiano e il mondo /$cBernhard Häring. 260 $aRoma :$bEdizioni Paoline,$c1969. 300 $a131 p. ;$c18 cm. 490 1 $aPunti scottanti di teologia ;$v29 650 4$aCristianesimo e società.$0(OLS)http://pul/subject/1182 830 0$aPunti scottanti di teologia ;$v29.$0(OLS)http://pul/title/510 850 $aPUL 852 $aPUL$W1$xSL Religione 1$y3$m36 I 13$j122199$qStampati$B121178$CPULBib$Z2$F121178 $H38832 $82 941 1 $a8 996 $6245$aIl cristiano e il mondo$9(OLS)http://pul/title/135378 996 $6260$aRoma :$bEdizioni Paoline$9(OLS)http://pul/publisher/47933